000 00799nam a22002657a 4500
003 dpl
005 20240322104422.0
008 240305b |||||||| |||| 00| 0 eng d
010 _aENG-139895
020 _a9789382059066
_c1295.00
035 _aEN-123427
037 _bDBAD/PUB
040 _c.
082 _a342.54
100 _aSuryaprasad , K
_962808
245 _aArtical 356 of áš­he constitution of india;
_bPromise and Performance/
_cBy k. suryaprasad
260 _aDaryaganj
_bSynergy Book India
_c2012
270 _a24/4800 Ansari road , daryaganj
_bNew Delhi
_e110002
300 _a426.Pages
_c22cm,(hbk)
700 _962809
700 _962810
700 _aSanjeev Kumar
_962811
_eAuthor
700 _aJagdish Saini
_962818
942 _2ddc
_cEN
_h342.54
_mSur
999 _c201720
_d201720